000
00337nam a22001457a 4500
008
210526b ||||| |||| 00| 0 eng d
020
_a
9781437709445
041
_a
eng
080
_2
6th
_a
610.73
082
_a
610.73
100
_a
1
101
_a
INF
245
_a
Interpersonal Relationships
_c
Elizabeth C. Arnold
942
_2
udc
_c
BK
999
_c
57613
_d
57613